Ações diretas de inconstitucionalidade : (Record no. 1464)

MARC details
000 -LÍDER
Campo Fixo de Controle 00976nam a2200277 a 4500
001 - NÚMERO DE CONTROLE
Campo de Controle 1464
003 - IDENTIFICAÇÃO DO NÚMERO DE CONTROLE
Campo de Controle BR-CuiBMT
005 - DATA E HORA DA ÚLTIMA ATUALIZAÇÃO
Campo de Controle 20231214210140.0
008 - DADOS FIXOS
Dados Fixos 231211s2004 dfb 001 0 por d
020 ## - INTERNATIONAL STANDARD BOOK NUMBER
Nº do ISBN 8574692379 (v. 2)
020 ## - INTERNATIONAL STANDARD BOOK NUMBER
Nº do ISBN 8574692379 (v. 3)
020 ## - INTERNATIONAL STANDARD BOOK NUMBER
Nº do ISBN 8574692379 (v. 4)
020 ## - INTERNATIONAL STANDARD BOOK NUMBER
Nº do ISBN 8574692727 (v. 5)
020 ## - INTERNATIONAL STANDARD BOOK NUMBER
Nº do ISBN 8574692735 (v. 6)
040 ## - AGÊNCIA CATALOGADORA
Código da Agência Catalogadora BR-CuiBMT
Agência que transcreveu o registro BR-CuiBMT
080 ## - Nº DA CLASSIFICAÇÃO DECIMAL UNIVERSAL
Nº Class. CDU 342.565
Nº edição CDU 2007
090 ## - NÚMERO DE CHAMADA
Nº classificação 342.565
Cutter B823a
110 1# - ENTRADA PRINCIPAL -- ENTIDADE
Nome da entidade ou lugar Brasil.
Unidade subordinada Supremo Tribunal Federal.
245 10 - TÍTULO PRINCIPAL
Título principal Ações diretas de inconstitucionalidade :
Subtítulo jurisprudência /
Indicação de responsabilidade Supremo Tribunal Federal.
260 ## - PUBLICAÇÃO, DISTRIBUIÇÃO, ETC.
Local de publicação Brasília :
Editora Supremo Tribunal Federal,
Data 2004.
300 ## - DESCRIÇÃO FÍSICA
N. páginas ou volumes 6 v. :
Ilustrações il. ;
Dimensões 22 cm
505 1# - NOTA DE CONTEÚDO
Nota de conteúdo v. 2. 1992-1993 -- v. 3. 1994-1995 -- v. 4. 1996-1997. v. 5. 1998-1999 -- v. 6. 2000-2001
610 14 - ASSUNTO -- ENTIDADE
Nome da Entidade ou lugar Brasil.
Unidade subordinada Supremo Tribunal Federal
Subdivisão geral Jurisprudência
650 ## - ASSUNTO TÓPICO
Cabeçalho tópico ou nome geográfico Ação direta de inconstitucionalidade
Subdivisão geral Jurisprudência
Subdivisão geográfica Brasil
942 ## - ELEMENTOS DE ENTRADA ADICIONAIS (KOHA)
Fonte de classificação ou esquema de arquivamento Classificação Decimal Universal
Tipo de item do Koha Livros
Holdings
Estado: removido Estado: perdido Fonte de classificação ou esquema de arquivamento Estado: danificado Indisponível para empréstimo Localização permanente Localização atual Data de aquisição Numeração serial ou cronológica (Volume) Total Checkouts Número de Chamada completo Código de barras Date last seen Número do exemplar Preço efetivo a partir de Tipo de item (Koha)
    Classificação Decimal Universal     Biblioteca da Escola Superior de Contas do TCE/MT Biblioteca da Escola Superior de Contas do TCE/MT 18/08/2010 v. 2   342.565 B823a BIBTCEMT23120360 11/12/2023 Ex. 1 18/08/2010 Livros
    Classificação Decimal Universal     Biblioteca da Escola Superior de Contas do TCE/MT Biblioteca da Escola Superior de Contas do TCE/MT 18/08/2010 v. 3   342.565 B823a BIBTCEMT23120512 14/12/2023 Ex. 1 18/08/2010 Livros
    Classificação Decimal Universal     Biblioteca da Escola Superior de Contas do TCE/MT Biblioteca da Escola Superior de Contas do TCE/MT 18/08/2010 v. 4   342.565 B823a BIBTCEMT23120514 14/12/2023 Ex. 1 18/08/2010 Livros
    Classificação Decimal Universal     Biblioteca da Escola Superior de Contas do TCE/MT Biblioteca da Escola Superior de Contas do TCE/MT 18/08/2010 v. 5   342.565 B823a BIBTCEMT23120515 14/12/2023 Ex. 1 18/08/2010 Livros
    Classificação Decimal Universal     Biblioteca da Escola Superior de Contas do TCE/MT Biblioteca da Escola Superior de Contas do TCE/MT 18/08/2010 v. 6   342.565 B823a BIBTCEMT23120516 14/12/2023 Ex. 1 18/08/2010 Livros

Powered by Koha